| 000 | 00770nam a22002417a 4500 | ||
|---|---|---|---|
| 003 | DO-SdBNP | ||
| 005 | 20260302105356.0 | ||
| 007 | ta | ||
| 008 | 210818e2005 dr ac||er|||| 001 edspa d | ||
| 040 |
_aDO-SdBNP _bspa _cBNPHU |
||
| 041 | _hspa | ||
| 082 | 4 | _222 | |
| 100 | 1 |
_aÁlvarez, Virtudes, _d1960- _974097 |
|
| 245 | 1 | 3 |
_aMujeres del 16 / _cVirtudes Álvarez. |
| 246 | 1 | 3 | _aMujeres del dieciséis. |
| 260 |
_aSanto Domingo : _bMediabyte, _c2005 |
||
| 300 |
_a133 p.: _bil., retrs.; _c21 cm |
||
| 500 | _aIncluye datos biográficos de la autora en la solapa de la contracubierta | ||
| 500 | _aIncluye referencias bibliográficas y notas al pie de las páginas. | ||
| 504 | _aBibliografía : p. 129-133 | ||
| 590 | _aInventariado 2021 / MF | ||
| 942 |
_2ddc _cLBS1 |
||
| 999 |
_c50217 _d50217 |
||